| 000 | 00520nam a2200193Ia 4500 | ||
|---|---|---|---|
| 008 | 131103s9999 xx 000 0 und d | ||
| 040 | _aLoreto College | ||
| 041 | _aEnglish | ||
| 082 |
_a241/HOL _bLCLIB/12775 |
||
| 100 | _aHoll, R F | ||
| 245 |
_aOn fire with christ _cR F Holl & Sodality Modegator |
||
| 260 |
_aOhio _bXavier University _c1953 |
||
| 300 |
_axiii,106p. _c 24cm. |
||
| 650 | _aChristianity | ||
| 651 | _aMoral theology | ||
| 700 | _aModegator, Sodality | ||
| 850 | _aLCLIB/241/HOL | ||
| 942 | _cBK | ||
| 999 |
_c25731 _d76210 |
||